Movies Quiz

Random Movies or Animation Quiz
Score 0/20 Timer 05:00
6 Plays Today
% Correct
Toy Story
94.6%
Pocahontas
93.5%
Cinderella
93.4%
Finding Nemo
92.8%
Beauty And The Beast
92.3%
Shrek
91.6%
Ice Age
90.6%
The Hunchback Of Notre Dame
88.9%
Cloudy With A Chance Of Meatballs
86.5%
Inside Out
85.1%
% Correct
The Iron Giant
84.1%
The Nightmare Before Christmas
83.4%
Zootopia
82.5%
Despicable Me
80%
Chicken Run
78.8%
Over The Hedge
75.8%
Meet The Robinsons
70.2%
The Road To El Dorado
68.4%
Kubo And The Two Strings
62.8%
The Black Cauldron
61.6%
Remove Ads.
Support Sporcle.
Get the best of Sporcle when you Go Orange. This ad-free experience offers more features, more stats, and more fun while also helping to support Sporcle. Thank you for becoming a member.

You're not logged in!

Compare scores with friends on all Sporcle quizzes.
OR
Log In

Show Comments

Extras

Top Quizzes Today


Score Distribution

Your Account Isn't Verified!

In order to create a playlist on Sporcle, you need to verify the email address you used during registration. Go to your Sporcle Settings to finish the process.

Report this User

Report this user for behavior that violates our Community Guidelines.

Details: